000 00506nam a2200157 a 4500
001 ASIN0706923626
005 20140826174927.0
008 140826s1983 xxu eng d
020 _a0706923626 (paperback)
020 _a9780706923629 (paperback)
100 1 _aDandekar, M. M.
245 1 0 _aWater power engineering /
_cM. M. Dandekar.
260 _a[S.l.] :
_bAdvent Books,
_c1990.
300 _a1 v. (unpaged)
856 4 0 _3Amazon.com
_uhttp://www.amazon.com/exec/obidos/ASIN/0706923626/chopaconline-20
999 _c9141
_d9141